000 00247nam a2200121 i 4500
001 bg
245 0 _aMatematyka.
_nT.2.
260 _aWarszawa,
_c1981.
040 _cBPK
041 _apol
942 _cKS
008 s pl f |000 0 pol
999 _c2737
_d2737
856 _uhttp://koha.tu.koszalin.pl/cgi-bin/koha/opac-detail.pl?biblionumber=2737
_yKatalog online BPK